000 00317nam a22001457a 4500
008 230530b ||||| |||| 00| 0 eng d
020 _a9782081214583
041 _aFRA
080 _a82
082 _a82SUB
100 _a38
101 _aGJL
245 _aUNE SEMAINE EN OCTOBRE
_cSUBRACASEAUX.E
942 _2udc
_cBK
999 _c59873
_d59873